000 00394pab a2200145 454500
008 180718b2006 xxu||||| |||| 00| 0 eng d
100 _aSrivastava, Avinash Kumar
245 _aCoping strategy for role stress across management levels
260 _c2006
300 _ap.65-73.
362 _aJul
650 _aManagement
773 _aICFAI Journal of Organizational Behavior
909 _a70582
999 _c70582
_d70582